000 00584nam a2200181 a 4500
001 000681601
003 AM-YeHGA
005 20250617142206.0
008 090908s1965 ||| r 000 0 rus d
040 _aAM-YeHGA
041 1 _arus
_hmol
100 1 _aЛупан, Анна Павловна
245 1 0 _aЧужие :
_bРассказы : Перевод с молдавского /
_cАнна Лупан.
260 _aКишинев :
_b"Картя Молдовеняске",
_c1965.
300 _a88 с.
653 0 _aМолдавская литература
090 _c254491
999 _c252892
_d252892